Religious Figures A-Z - Statistics

General Stats
  • This quiz has been taken 32 times
  • The average score is 14 of 26
Answer Stats
Hint Answer % Correct
J) The Christian Son of God, crucified on the cross Jesus
93%
B) Also known as Siddhartha Gautama Buddha
90%
D) Israels 2nd king who defeated Goliath David
90%
A) The Greek god of war Ares
87%
C) According to Genesis, he killed his brother Abel in a jealous rage Cain
87%
H) Greek god of the underworld Hades
80%
R) The creator of all life and the god of the Sun inancient Egypt Ra
80%
M) He is considered the key reformer in theProtestant Reformation Martin Luther
77%
L) Depicted as the trickster Norse god and fatherto Fenrir Loki
67%
I) Egyptian goddess of motherhood and healing Isis
63%
T) Revered saint known for her work with the poor inimpoverished India Theresa
63%
N) The Greek goddess of victory, speed and strength Nike
60%
U) The chosen name of 8 popes Urban
57%
V) In Hinduism, the protector or preserver God of the universe Vishnu
57%
O) Egyptian god of the underworld and resurrection Osiris
53%
P) The Roman who ordered the crucifixion of Jesus Pontius Pilate
53%
E) Greek goddess of strife and chaos who instigated theTrojan War Eris
47%
S) The 3rd son of Adam and Eve Seth
47%
Y) The sacred Hebrew word for God Yahweh
40%
Z) Iranian prophet that founded the religion that bears his name Zoroaster
40%
Q) The Aztec creator god of death and resurrection Quetzalcoatl
33%
F) Wife of Odin and Queen of the 9 realms Frigg
30%
K) Hindu goddess of time and destruction as wellas the divine mother of Hinduism Kali
27%
G) Egyptian god of the Earth Geb
13%
X) Patron saint of St Petersburg Xenia
3%
W) Celtic goddess of the sea Wachilt
0%
No matching quizzes found
Score Distribution
Percent of People with Each Score
Percentile by Number Answered
Your Score History
You have not taken this quiz